| 000 | 01000pam a2200289 a 4500 | ||
|---|---|---|---|
| 008 | |||
| 020 | _a088167625X (hbk.) | ||
| 049 | _aMAIN | ||
| 090 |
_aRC349.E3 _bBRA |
||
| 245 | 0 | 0 |
_aBrain edema : _bpathogenesis, imaging, and therapy / _ceditor, Donlin M. Long. |
| 260 |
_aNew York : _bRaven Press, _cc1990. |
||
| 300 |
_axxxiv, 588 p. : _bill. ; _c26 cm. |
||
| 440 | 0 |
_aAdvances in neurology ; _vv. 52. |
|
| 504 | _aIncludes bibliographical references. | ||
| 500 | _aIncludes index. | ||
| 650 | 0 |
_aCerebral edema _xCongresses. |
|
| 650 | 2 |
_aBrain Edema _xdiagnosis _xcongresses. |
|
| 650 | 2 |
_aBrain Edema _xetiology _xcongresses. |
|
| 650 | 2 |
_aBrain Edema _xtherapy _xcongresses. |
|
| 700 | 1 | _aLong, Donlin M. | |
| 710 | 2 |
_aInternational Society for the Study of Brain Edema. _bMeeting _d(1987 : _cBaltimore, Md.) |
|
| 907 |
_a.b10168205 _b23-07-12 _c18-07-05 |
||
| 003 | |||
| 005 | 20230120203900.0 | ||
| 040 | _cNUST | ||
| 942 |
_cBOOKS _kRC349.E3 _mBRA |
||
| 999 |
_c113183 _d113183 |
||